[Event "Gligoric Cup (Women) 9th"]
[Site "Paracin"]
[Date "2023.05.16"]
[Round "1.12"]
[White "Kostic, Jelena"]
[Black "Eric, Jovana"]
[Result "1/2-1/2"]
[WhiteElo "1624"]
[BlackElo "2217"]
[PlyCount "87"]
[EventDate "2023.05.16"]
[EventType "team-swiss"]
[EventRounds "5"]
[EventCountry "SRB"]
[SourceTitle "CBM 215 Extra"]
[Source "ChessBase"]
[SourceDate "2023.09.30"]
[SourceVersion "1"]
[SourceVersionDate "2023.09.30"]
[SourceQuality "1"]
[WhiteTeam "Nis Ekonomist (W)"]
[BlackTeam "Sremska Mitrovica Sirmium (W)"]
[WhiteTeamCountry "SRB"]
[BlackTeamCountry "SRB"]

1. e4 c5 2. Nf3 d6 3. h3 Nf6 4. d3 Nc6 5. c3 e6 6. Be2 Be7 7. 0-0 0-0 8. Re1 b6 9. Nbd2 Bb7 10. Nf1 Qc7 11. Ng3 d5 12. exd5 Nxd5 13. d4 Rad8 14. Qa4 cxd4 15. Nxd4 Nxd4 16. cxd4 Nb4 17. Be3 Bc6 18. Qb3 Bd5 19. Qa4 Qb7 20. Bf1 b5 21. Qd1 Rc8 22. Re2 Nxa2 23. Rxa2 Bxa2 24. b3 f5 25. Bf4 Rfd8 26. Rxa2 Bf6 27. Qe2 Qd7 28. Be5 Bxe5 29. dxe5 Rc5 30. Ra6 Qd5 31. b4 Rc4 32. Qb2 Rc7 33. Ne2 Qd1 34. Ra1 Qd2 35. Qb3 Qd5 36. Qb2 g5 37. Nc1 Rdc8 38. Nd3 Rc2 39. Qa3 R8c7 40. Qa6 R2c6 41. Qa5 Rc2 42. Qa6 R2c6 43. Qa5 a6 44. Re1 1/2-1/2

[Event "SRB-chT Central (Women)"]
[Site "Paracin"]
[Date "2019.10.20"]
[Round "4.3"]
[White "Sredojevic, Jelena"]
[Black "Kostic, Jelena"]
[Result "0-1"]
[WhiteElo "1685"]
[BlackElo "1575"]
[PlyCount "134"]
[EventDate "2019.10.18"]
[EventType "team-tourn"]
[EventRounds "5"]
[EventCountry "SRB"]
[SourceTitle "CBM 192 Extra"]
[Source "Chessbase"]
[SourceDate "2019.11.06"]
[SourceVersion "1"]
[SourceVersionDate "2019.11.06"]
[SourceQuality "1"]
[WhiteTeam "Valjevo (W)"]
[BlackTeam "Nis Ekonomist (W)"]
[WhiteTeamCountry "SRB"]
[BlackTeamCountry "SRB"]

1. e4 Nf6 2. Nc3 e5 3. Nf3 d6 4. h3 Be7 5. d4 exd4 6. Nxd4 Nbd7 7. Be3 Nc5 8. f3 Be6 9. Nxe6 Nxe6 10. Bc4 Nd7 11. 0-0 0-0 12. Nd5 Bh4 13. Qd2 c6 14. Nf4 Nxf4 15. Bxf4 Ne5 16. Bb3 Qc7 17. Rad1 Rad8 18. Bg5 Bxg5 19. Qxg5 Rfe8 20. Kh1 Ng6 21. Rd2 Re5 22. Qg3 Qe7 23. Rfd1 Qf6 24. c3 Nf4 25. Rxd6 Rxd6 26. Rxd6 Qxd6 27. Qxf4 Qe7 28. Bxf7+ Kh8 29. a4 g6 30. b3 Kg7 31. Bc4 a6 32. b4 Qf6 33. Qd2 Re7 34. b5 axb5 35. axb5 Qe5 36. bxc6 bxc6 37. Qd4 Qf6 38. Kg1 Qe5 39. Qxe5+ Rxe5 40. Be2 Ra5 41. g3 Kf6 42. Kf2 g5 43. Ke3 Ra3 44. Kd4 c5+ 45. Kxc5 Rxc3+ 46. Kd4 Rc2 47. Ke3 h6 48. f4 Rc3+ 49. Bd3 Rc1 50. e5+ Ke6 51. Kf3 Rc3 52. Ke4 Rc1 53. f5+ Ke7 54. Kf3 Re1 55. e6 Kf6 56. Kg4 Re3 57. Bb1 h5+ 58. Kxh5 Rxg3 59. h4 g4 60. Be4 Rg1 61. Bc6 Rc1 62. Be4 Rc4 63. Bg2 g3 64. Bf3 Rf4 65. Bg2 Rf2 66. Be4 g2 67. Bxg2 Rxg2 0-1

[Event "SRB-chT Central (Women)"]
[Site "Paracin"]
[Date "2019.10.19"]
[Round "3.3"]
[White "Kostic, Jelena"]
[Black "Grozdanovic, Anastasia"]
[Result "0-1"]
[WhiteElo "1575"]
[BlackElo "1803"]
[PlyCount "104"]
[EventDate "2019.10.18"]
[EventType "team-tourn"]
[EventRounds "5"]
[EventCountry "SRB"]
[SourceTitle "CBM 192 Extra"]
[Source "Chessbase"]
[SourceDate "2019.11.06"]
[SourceVersion "1"]
[SourceVersionDate "2019.11.06"]
[SourceQuality "1"]
[WhiteTeam "Nis Ekonomist (W)"]
[BlackTeam "Paracin (W)"]
[WhiteTeamCountry "SRB"]
[BlackTeamCountry "SRB"]

1. e4 c6 2. Nf3 d5 3. e5 Bg4 4. Be2 e6 5. d4 Nd7 6. 0-0 c5 7. c3 cxd4 8. cxd4 Ne7 9. Nbd2 Nc6 10. h3 Bh5 11. a3 a5 12. Re1 Be7 13. Qb3 Qc7 14. Bb5 0-0 15. Bxc6 bxc6 16. Nf1 c5 17. Qc3 Rfc8 18. g4 Bg6 19. Ng3 h6 20. Be3 Qd8 21. Qd2 cxd4 22. Bxd4 Nc5 23. Bxc5 Rxc5 24. Rac1 Rb5 25. Nd4 Rc5 26. f4 Qb6 27. Kh2 Rb8 28. b3 Rxc1 29. Rxc1 Bc5 30. Nge2 Be4 31. a4 Rb7 32. Qc3 Rc7 33. Qd2 Bxd4 34. Rxc7 Bg1+ 35. Nxg1 Qxc7 36. Ne2 Qc5 37. Nd4 Qa3 38. Kg3 Qa1 39. Qf2 Qc3+ 40. Kh2 g6 41. Qg1 g5 42. fxg5 hxg5 43. Qf2 Qc1 44. Ne2 Qd2 45. Kg1 Qd1+ 46. Kh2 Qxb3 47. Qf6 Qe3 48. Qf1 Bd3 49. Qc1 Qxe2+ 50. Kg3 Qxe5+ 51. Kg2 Be4+ 52. Kg1 Qg3+ 0-1